000 00332nam a2200121Ia 4500
008 191201s2005 xx 000 0 und d
100 _aMCCARTHY, Michael
245 0 _aEnglish Vocabulary in Use Upper Intermediate
260 _aN.Delhi
_bCambridge Universty Press
_c2005
300 _a296
650 _aGeneral Books
942 _2ddc
_cBK
999 _c1774
_d1774